| LEADER 00000nam 2200000uu 4500 |
| 001 211461 |
| 003 ULIBM |
| 008 020711s2559 th a 000 0 tha d |
| 020 9786161132057
|
| 041 ^tha
|
| 060 4 W84.6.JT3 ร399 2559
|
| 245 [ร่าง]แผนยุทธศาสตร์ทศวรรษการพัฒนาระบบบริการปฐมภูมิ พ.ศ.2559-2569/^cผู้เขียน,คณะทำงานจัดทำแผนยุทธศาสตร์ทศวรรษการพัฒนาระบบบริการปฐมภูมิ;บรรณาธิการ สุพัตรา ศรีวนิชชากร, ทัศนีย์ ญาณะ
|
| 260 นนทบุรี :^bมูลนิธิสถาบันวิจัยและพัฒนาระบบสุขภาพชุมชน (มสพช.),^c2559
|
| 300 76 หน้า :^bภาพประกอบ ;^c29 ซม.
|
| 650 4 บริการปฐมภูมิ (การแพทย์)^zไทย
|
| 650 4 ^aบริการทางการแพทย์^zไทย
|
| 700 0 ^aสุพัตรา ศรีวนิชชากร,^eบรรณาธิการ
|
| 700 0 ^aทัศนีย์ ญาณะ,^eบรรณาธิการ
|
| 710 2 ^aคณะทำงานจัดทำแผนยุทธศาสตร์ทศวรรษการพัฒนาระบบบริการปฐมภูมิ
|
| 710 2 ^aมูลนิธิสถาบันวิจัยและพัฒนาระบบสุขภาพชุมชน (มสพช.)
|
| 999 ^aใช้งานได้ทุกระบบ
|